000 00703nam a2200241Ia 4500
005 20260430150638.0
008 008 250103s9999 xx 000 0 eng d
037 _aTheses
040 _aCRL
040 _beng
040 _ceng
041 _2eng
041 _aeng
084 _qCRL
100 _aBhavtosh Bhaskar Au.; Saxena Rekha Gu.
_91238095
245 0 _aRepresentation of Women in Indian Politics: A Comparative Study of Upa And NDA In Lok Sabha from 2009 To 2019
260 _c2024
300 _a186p.
650 _aPolitical Science
700 _aUniversity of Delhi. Faculty of Social Science. Deptt. of Political Science
_91236360
942 _cTH
999 _c1850287
_d1850287